[Event "Nikaia op 23rd"]
[Site "Nikaia"]
[Date "2015.08.27"]
[Round "1"]
[White "Kartsidima, Aikaterini"]
[Black "Gkavalias, Dimitrios"]
[Result "0-1"]
[WhiteElo "1100"]
[BlackElo "1498"]
[PlyCount "124"]
[EventDate "2015.08.26"]
[EventType "swiss"]
[EventRounds "9"]
[EventCountry "GRE"]
[SourceTitle "EXT 2016"]
[Source "ChessBase"]
[SourceDate "2015.10.08"]
[SourceVersion "1"]
[SourceVersionDate "2015.10.08"]
[SourceQuality "1"]

1. e4 c5 2. Nf3 d6 3. d4 cxd4 4. Nxd4 Nf6 5. Nc3 a6 6. Bd3 e6 7. 0-0 Be7 8. Re1 0-0 9. h3 b5 10. e5 dxe5 11. Rxe5 Bb7 12. Nf3 Nbd7 13. Re1 Qc7 14. Bd2 Rfd8 15. Ne4 Nxe4 16. Bxe4 Nf6 17. Bxb7 Qxb7 18. Qe2 Rd5 19. Rad1 Rad8 20. Bf4 Qd7 21. Ne5 Qc8 22. c3 Rxd1 23. Rxd1 Nd5 24. Bg3 f6 25. Nf3 e5 26. Qe4 Nb6 27. Rxd8+ Qxd8 28. Qb7 a5 29. Qa6 b4 30. Qxa5 bxc3 31. Qxc3 Kf8 32. Nd2 Na4 33. Qc2 Qd7 34. f3 Bc5+ 35. Bf2 Bxf2+ 36. Kxf2 Qd4+ 37. Kf1 Nxb2 38. Nb3 Qd1+ 39. Qxd1 Nxd1 40. Ke1 Nc3 41. a3 Ke7 42. Kf2 Ke6 43. Ke3 f5 44. g4 g6 45. g5 Nd5+ 46. Kd3 Nf4+ 47. Kc4 Kd6 48. h4 Kc6 49. Nc1 Ng2 50. Ne2 Nxh4 51. f4 e4 52. Kd4 Kb5 53. Ke5 Ka4 54. Kf6 Kxa3 55. Kg7 Kb2 56. Kxh7 Kc2 57. Kg7 Kd2 58. Ng1 Ke3 59. Nh3 Kf3 60. Kf6 e3 61. Ng1+ Kf2 62. Nh3+ Kf1 0-1

[Event "Peiraeus Summer"]
[Site "Piraeus"]
[Date "2013.08.16"]
[Round "2.1"]
[White "Gkavalias, Dimitrios"]
[Black "Mantzouneas, Stavros"]
[Result "1-0"]
[WhiteElo "1607"]
[BlackElo "1690"]
[PlyCount "73"]
[EventDate "2013.08.14"]
[EventType "tourn"]
[EventRounds "9"]
[EventCountry "GRE"]
[SourceTitle "EXT 2024"]
[Source "ChessBase"]
[SourceDate "2023.10.10"]
[SourceVersion "1"]
[SourceVersionDate "2023.10.10"]
[SourceQuality "1"]

1. d4 f5 2. Nf3 Nf6 3. e3 e6 4. Bd3 g6 5. 0-0 Bg7 6. Nc3 Nc6 7. Bd2 d5 8. Ne5 Nxe5 9. dxe5 Ng4 10. f4 h5 11. h3 Nh6 12. Na4 b6 13. c4 0-0 14. cxd5 exd5 15. Qf3 Re8 16. Rac1 Bb7 17. Bb5 Re6 18. Bb4 a6 19. Bd3 b5 20. Nc5 Bc8 21. Nxe6 Bxe6 22. Rc6 Qd7 23. Rfc1 Ra7 24. Qf2 Nf7 25. Qc2 Nd8 26. Rxc7 Rxc7 27. Qxc7 Qxc7 28. Rxc7 Bf8 29. Bxf8 Kxf8 30. Ra7 Bf7 31. Ra8 Ke7 32. Rxa6 b4 33. Rb6 Ne6 34. Rb7+ Kf8 35. Rxb4 Nc5 36. Be2 Ne6 37. Rb8+ 1-0

[Event "Peiraeus Summer"]
[Site "Piraeus"]
[Date "2013.08.14"]
[Round "1.3"]
[White "Malouxos, Basileios"]
[Black "Gkavalias, Dimitrios"]
[Result "0-1"]
[WhiteElo "1685"]
[BlackElo "1607"]
[PlyCount "64"]
[EventDate "2013.08.14"]
[EventType "tourn"]
[EventRounds "9"]
[EventCountry "GRE"]
[SourceTitle "EXT 2024"]
[Source "ChessBase"]
[SourceDate "2023.10.10"]
[SourceVersion "1"]
[SourceVersionDate "2023.10.10"]
[SourceQuality "1"]

1. e4 e5 2. Nf3 Nc6 3. d4 exd4 4. Nxd4 Nf6 5. Nxc6 bxc6 6. e5 Qe7 7. Qe2 Nd5 8. c4 Ba6 9. cxd5 Bxe2 10. Bxe2 cxd5 11. Bf4 g5 12. Bg3 d6 13. exd6 cxd6 14. 0-0 Qf6 15. Bf3 Qf5 16. Re1+ Be7 17. Nc3 Qf6 18. Bxd5 0-0 19. Re3 Rac8 20. Rae1 Bd8 21. Rd1 Bb6 22. Rf3 Qg7 23. Bxd6 Rfd8 24. Be7 Rxd5 25. Nxd5 Qd4 26. Ne3 Qxb2 27. Bxg5 Qe2 28. Rg3 Rc6 29. Bh6+ Rg6 30. h4 Rxg3 31. fxg3 Bxe3+ 32. Bxe3 Qxd1+ 0-1

[Event "Piraeus-ch 46th"]
[Site "PIraeus"]
[Date "2011.11.30"]
[Round "6.1"]
[White "Gkavalias, Dimitrios"]
[Black "Alexakis, Georgios"]
[Result "1/2-1/2"]
[WhiteElo "1687"]
[BlackElo "1605"]
[PlyCount "62"]
[EventDate "2011.11.12"]
[EventType "swiss"]
[EventRounds "7"]
[EventCountry "GRE"]
[SourceTitle "EXT 2024"]
[Source "ChessBase"]
[SourceDate "2023.10.10"]
[SourceVersion "1"]
[SourceVersionDate "2023.10.10"]
[SourceQuality "1"]

1. d4 Nf6 2. Nf3 e6 3. c4 d5 4. Nc3 Nbd7 5. cxd5 exd5 6. Bg5 c6 7. e3 h6 8. Bh4 Bd6 9. Bd3 0-0 10. Qc2 Re8 11. Bg3 Nb6 12. Ne5 Bxe5 13. Bxe5 Ng4 14. Bg3 h5 15. Be2 Qf6 16. Bxg4 Bxg4 17. b3 Qxd4 18. 0-0 Qf6 19. h3 Bf5 20. Qd2 h4 21. Bh2 Re6 22. Ne2 g5 23. Nd4 Ree8 24. Nxf5 Qxf5 25. f3 Re6 26. Rae1 Rae8 27. Qd4 Qg6 28. Rf2 f5 29. Rfe2 Qg7 30. Qd2 Qg6 31. Qd4 Qg7 1/2-1/2